Countries that Visit Australia the Most - Statistics

General Stats
  • This quiz has been taken 69,449 times
    35,967 since last reset
  • The average score is 13 of 15
Answer Stats
# Country % Correct
659,740 United States
99%
719,490 China
98%
1,272,140 New Zealand
97%
596,880 United Kingdom
96%
297,720 Japan
94%
395,560 India
92%
201,500 Indonesia
91%
157,190 Canada
89%
288,010 South Korea
80%
151,870 Germany
79%
175,550 Malaysia
76%
166,630 Vietnam
74%
157,570 Philippines
72%
364,010 Singapore
66%
122,790 Taiwan
58%
No matching quizzes found
Score Distribution
Percent of People with Each Score
Percentile by Number Answered
Your Score History
You have not taken this quiz since the last reset